000 00432nam a2200181Ia 4500
001 4133
005 20260306145733.0
008 260306t2008||||xx |||||||||||||| ||spa||
041 _aESP
082 _a306.85
_bR75 T. 1 2008
100 _aRodriguez Canales, Javier
_eAUT
245 0 _aAmor conyugal:
_bfamilia hoy
260 _c2008
300 _a113 páginas :
_c
650 _aGEN
654 _aCED
942 _cLIB
_dJUS
_fJUS
_2ddc
_n
999 _c4133
_d4133